A pénzügyi controlling módszertana és hasznosítási lehetőségei egy vállalkozás példáján

Bibliográfiai részletek
Szerző: Tamaska Erika Réka
További közreműködők: Ilyés Dr. Csaba
Horváth Dr. Tibor
Dokumentumtípus: Záródolgozat
Kulcsszavak:Controlling
Pénzügyi controlling
Pénzügyi tervezés
Online Access:http://dolgozattar.uni-bge.hu/22091

MARC

LEADER 00000nta a2200000 i 4500
001 dolg22091
005 20190515143016.0
008 190515suuuu hu o 000 hun d
040 |a BGE Dolgozattár Repozitórium  |b hun 
041 |a hu 
100 1 |a Tamaska Erika Réka 
245 1 2 |a A pénzügyi controlling módszertana és hasznosítási lehetőségei egy vállalkozás példáján  |c Tamaska Erika Réka  |h [elektronikus dokumentum] 
246 1 1 |a A pénzügyi controlling módszertana és hasznosítási lehetőségei egy vállalkozás példáján 
516 |a Final_paper 
695 |a Controlling 
695 |a Pénzügyi controlling 
695 |a Pénzügyi tervezés 
700 1 |a Ilyés Dr. Csaba  |e ths 
700 1 |a Horváth Dr. Tibor  |e ths 
856 4 0 |u http://dolgozattar.uni-bge.hu/22091/1/A%20p%C3%A9nz%C3%BCgyi%20controlling%20m%C3%B3dszertana%20%C3%A9s%20hasznos%C3%ADt%C3%A1si%20lehet%C5%91s%C3%A9gei%20Tamaska%20Erika%20R%C3%A9ka%20HTW1KG.pdf  |z Dokumentum-elérés 
856 4 0 |u http://dolgozattar.uni-bge.hu/22091/2/Titkos%C3%ADt%C3%A1si%20k%C3%A9relem.pdf  |z Dokumentum-elérés